José Martí, guía y compañero / (Record no. 6714)
[ view plain ]
| 000 -CABECERA | |
|---|---|
| campo de control de longitud fija | 00740cam a2200229 a 4500 |
| 001 - NÚMERO DE CONTROL | |
| campo de control | 000006930 |
| 005 - FECHA Y HORA DE LA ÚLTIMA TRANSACCIÓN | |
| campo de control | 20240226135753.0 |
| 008 - DATOS DE LONGITUD FIJA--INFORMACIÓN GENERAL | |
| campo de control de longitud fija | 820406s1981 mx 000 0 spa |
| 020 ## - NÚMERO INTERNACIONAL ESTÁNDAR DEL LIBRO | |
| ISBN cancelado o inválido | 9684270806 |
| 035 ## - NÚMERO DE CONTROL DEL SISTEMA | |
| Número de control de sistema | (DLC) 82139928 |
| 040 ## - FUENTE DE LA CATALOGACIÓN | |
| Centro catalogador/agencia de origen | DO-SdBNP |
| Centro/agencia transcriptor | DLC |
| Centro/agencia modificador | DLC |
| -- | BNPHU |
| 082 ## - NÚMERO DE LA CLASIFICACIÓN DECIMAL DEWEY | |
| Número de clasificación | 923.291 |
| Número de documento/Ítem | M378R |
| 049 ## - FONDOS LOCALES (OCLC) | |
| Fondos de biblioteca | BNGR |
| 100 1# - ENTRADA PRINCIPAL--NOMBRE DE PERSONA | |
| Nombre de persona | Rodríguez, Carlos Rafael, |
| Fechas asociadas al nombre | 1913-1997 |
| 9 (RLIN) | 19221 |
| 245 10 - MENCIÓN DE TÍTULO | |
| Título | José Martí, guía y compañero / |
| Mención de responsabilidad, etc. | Carlos Rafael Rodríguez. |
| 260 ## - PUBLICACIÓN, DISTRIBUCIÓN, ETC. | |
| Lugar de publicación, distribución, etc. | México, D.F. : |
| Nombre del editor, distribuidor, etc. | Nuestro Tiempo, |
| Fecha de publicación, distribución, etc. | 1981. |
| 300 ## - DESCRIPCIÓN FÍSICA | |
| Extensión | 118 p. ; |
| Dimensiones | 19 cm. |
| 490 1# - MENCIÓN DE SERIE | |
| Mención de serie | Pensamiento latinoamericano |
| 600 10 - PUNTO DE ACCESO ADICIONAL DE MATERIA--NOMBRE DE PERSONA | |
| Nombre de persona | MARTÍ, JOSÉ, |
| Fechas asociadas al nombre | 1853-1895. |
| Subdivisión general | BIOGRAFÍA |
| 9 (RLIN) | 19222 |
| 830 #0 - PUNTO DE ACCESO ADICIONAL DE SERIE-TÍTULO UNIFORME | |
| Título uniforme | Pensamiento latinoamericano. |
| 9 (RLIN) | 19223 |
| 910 ## - DATOS DE OPCIÓN DEL USUARIO (OCLC) | |
| Datos de opción del usuario | Catalogación por copia / LC |
| Estado de retiro | Estado de pérdida | Restricciones de uso | No para préstamo | Código de colección | Localización permanente | Ubicación/localización actual | Ubicación en estantería | Fecha de adquisición | Número de inventario | Total de préstamos | Signatura topográfica completa | Código de barras | Fecha visto por última vez | Precio válido a partir de | Tipo de ítem Koha |
|---|---|---|---|---|---|---|---|---|---|---|---|---|---|---|---|
| Préstamo interno | Monografías: Libros y Folletos | General | General | En catalogación | 03.09.2009 | LF1 | 923.291 M378R | 6930-10 | 25.06.2020 | 25.06.2020 | Préstamo interno |
